Programming in C (Record no. 182898)

000 -LEADER
fixed length control field 00369nam a2200133Ia 4500
008 - FIXED-LENGTH DATA ELEMENTS--GENERAL INFORMATION
fixed length control field 220217s9999||||xx |||||||||||||| ||und||
020 ## - INTERNATIONAL STANDARD BOOK NUMBER
International Standard Book Number 9789380856421
082 ## - DEWEY DECIMAL CLASSIFICATION NUMBER
Classification number 005.13 MAl
100 ## - MAIN ENTRY--PERSONAL NAME
Personal name Mallick, Pradeepkumar
9 (RLIN) 8174
245 #0 - TITLE STATEMENT
Title Programming in C
260 ## - PUBLICATION, DISTRIBUTION, ETC.
Place of publication, distribution, etc. University press
Name of publisher, distributor, etc. New Delhi
Date of publication, distribution, etc. 2011
300 ## - PHYSICAL DESCRIPTION
Extent XI, 349p.
Other physical details 220
650 ## - SUBJECT ADDED ENTRY--TOPICAL TERM
Topical term or geographic name entry element PROGRAMMING LANGUAGE
Holdings
Withdrawn status Lost status Damaged status Not for loan Collection code Home library Current library Date acquired Total Checkouts Full call number Barcode Date last seen Date last checked out Price effective from Koha item type
        Computer Science and Engineering Central Library Central Library 02/18/2022 1 005.13 MAl 18087 01/25/2023 01/11/2023 02/18/2022 Books

Powered by Koha